Statystyki dla Wszystkie litery alfabetu po kolei w 15 sekund

Kliknij tutaj aby rozwiązać quiz!

Ogólne statystyki

  • Ten quiz został rozwiązany 162 razy
  • Średni wynik to 19 z 26

Statystyki odpowiedzi

LiteraLitera% Poprawnych
AA
100%
BB
96%
CC
93%
DD
93%
EE
93%
FF
93%
GG
93%
HH
90%
II
87%
JJ
87%
KK
87%
LL
85%
MM
81%
NN
81%
OO
81%
PP
79%
QQ
66%
RR
60%
SS
57%
TT
54%
UU
51%
VV
49%
WW
47%
XX
41%
YY
41%
ZZ
37%

Rozkład punktacji

Percentyl według liczby udzielonych odpowiedzi

Procent ludzi z każdym wynikiem

Twoja historia wyników

Nie rozwiązałeś tego quizu